<?xml version="1.0" encoding="UTF-8"?><?xml-stylesheet type="text/xsl" href="static/style.xsl"?><OAI-PMH xmlns="http://www.openarchives.org/OAI/2.0/" xmlns:xsi="http://www.w3.org/2001/XMLSchema-instance" xsi:schemaLocation="http://www.openarchives.org/OAI/2.0/ http://www.openarchives.org/OAI/2.0/OAI-PMH.xsd"><responseDate>2026-04-28T03:51:55Z</responseDate><request verb="GetRecord" identifier="oai:riubu.ubu.es:10259/8865" metadataPrefix="marc">https://riubu.ubu.es/oai/request</request><GetRecord><record><header><identifier>oai:riubu.ubu.es:10259/8865</identifier><datestamp>2024-03-23T01:05:11Z</datestamp><setSpec>com_10259_5226</setSpec><setSpec>com_10259_5086</setSpec><setSpec>com_10259_2604</setSpec><setSpec>col_10259_5229</setSpec></header><metadata><record xmlns="http://www.loc.gov/MARC21/slim" xmlns:doc="http://www.lyncode.com/xoai" xmlns:xsi="http://www.w3.org/2001/XMLSchema-instance" xmlns:dcterms="http://purl.org/dc/terms/" xsi:schemaLocation="http://www.loc.gov/MARC21/slim http://www.loc.gov/standards/marcxml/schema/MARC21slim.xsd">
<leader>00925njm 22002777a 4500</leader>
<datafield tag="042" ind1=" " ind2=" ">
<subfield code="a">dc</subfield>
</datafield>
<datafield tag="720" ind1=" " ind2=" ">
<subfield code="a">Ortega Villaro, María Begoña</subfield>
<subfield code="e">author</subfield>
</datafield>
<datafield tag="260" ind1=" " ind2=" ">
<subfield code="c">2023</subfield>
</datafield>
<datafield tag="520" ind1=" " ind2=" ">
<subfield code="a">En el presente trabajo se estudia la obra Aquiles, el hombre, de Roberto&#xd;
Rivera, estrenada en Mérida en 2016. La obra presenta a Aquiles no como el héroe&#xd;
en cuyas manos está la victoria sobre Troya, sino como un hombre enfrentado a la&#xd;
violencia, la que le rodea en esa guerra interminable, o la que surge como respuesta a&#xd;
su dolor. El autor ha convertido el fragmento del poema épico en una tragedia clásica&#xd;
que le permite una indagación mayor en el alma torturada de Aquiles, gracias a su&#xd;
relación/enfrentamiento con los distintos personajes: Briseida, Patroclo, Agamenón. Al&#xd;
convertir a Aquiles en un personaje moderno, autoconsciente, mientras se mantienen&#xd;
con absoluta fidelidad los principales acontecimientos, se dibuja un personaje a veces no&#xd;
demasiado coherente, un anacrónico pacifista tan fuera de lugar como la guerra misma.</subfield>
</datafield>
<datafield tag="520" ind1=" " ind2=" ">
<subfield code="a">This paper analyzes the play Achilles, the man, by Roberto Rivera,&#xd;
performed at the Teatro Romano de Mérida in 2016. The play presents Achilles as&#xd;
the hero in whose hands is the victory over Troy. Achilles is also a man faced with a&#xd;
double violence: the one that surrounds him in that endless war and the one that arises&#xd;
as a response to his pain. The author has turned the fragment of the epic poem into a&#xd;
classical tragedy thanks to his relationship/confrontation with the different characters:&#xd;
Briseis, Patroclus and Agamemnon. However, the work turns Achilles into a modern&#xd;
and self-aware character, within events completely faithful to the Iliad. Therefore, the&#xd;
play draws a character sometimes not always coherent, an anachronistic pacifist as out&#xd;
of place as the war itself.</subfield>
</datafield>
<datafield tag="024" ind2=" " ind1="8">
<subfield code="a">978-989-26-2492-1</subfield>
</datafield>
<datafield tag="024" ind2=" " ind1="8">
<subfield code="a">978-989-26-2493-8</subfield>
</datafield>
<datafield tag="024" ind2=" " ind1="8">
<subfield code="a">http://hdl.handle.net/10259/8865</subfield>
</datafield>
<datafield tag="024" ind2=" " ind1="8">
<subfield code="a">10.14195/978-989-26-2493-8_6</subfield>
</datafield>
<datafield tag="024" ind2=" " ind1="8">
<subfield code="a">10.14195/978-989-26-2493-8</subfield>
</datafield>
<datafield ind1=" " ind2=" " tag="653">
<subfield code="a">Ilíada</subfield>
</datafield>
<datafield ind1=" " ind2=" " tag="653">
<subfield code="a">Adaptación teatral</subfield>
</datafield>
<datafield ind1=" " ind2=" " tag="653">
<subfield code="a">Aquiles</subfield>
</datafield>
<datafield ind1=" " ind2=" " tag="653">
<subfield code="a">Roberto Rivera</subfield>
</datafield>
<datafield ind1=" " ind2=" " tag="653">
<subfield code="a">Iliad</subfield>
</datafield>
<datafield ind1=" " ind2=" " tag="653">
<subfield code="a">Theatrical adaptation</subfield>
</datafield>
<datafield ind1=" " ind2=" " tag="653">
<subfield code="a">Achilles</subfield>
</datafield>
<datafield tag="245" ind1="0" ind2="0">
<subfield code="a">El héroe fieramente humano: Aquiles, el hombre, de Roberto Rivera</subfield>
</datafield>
</record></metadata></record></GetRecord></OAI-PMH>